000 01307cad a2200325 4500
001 ##L133684
002 ##10017
008 060601n2006 000 0 eng u
020 _a9780203018835
035 _a(Sirsi) u133684
041 0 _aeng
050 0 4 _a336.39 $2 18
100 1 _aCartlidge, Duncan
245 0 0 _aPublic private partnerships in construction
_h[electronic resource]
260 _aAbingdon
_bTaylor and Francis
_c2006
300 _aeBook
350 _a35
505 2 _aThe PPP phenomenon -- PPP models -- Critical issues -- Project management and PPPs - part 1 -- Project management and PPPs - part 2 -- World PPP models -- Case studies -- Conclusions.
520 _aReviews a wide range of current construction PPP models used throughout the UK, including those for project management, design quality and accountability. Also examines types of PPP models used in Europe, Australia and Ireland. Contains a number of case studies.
590 _aIKA200606
650 2 4 _aPUBLIC PRIVATE PARTNERSHIPS
650 2 4 _aEBOOK
651 4 _aUnited Kingdom
_y
651 4 _aEurope
651 4 _aAustralia
651 4 _aEire
690 _aProcurement
_96260
856 4 8 _uhttps://www.vlebooks.com/
_zView on VLEbooks. Logins for members only from [email protected]
942 _n0
999 _c105449
_d105449